000 00509nam a22001697a 4500
999 _c8933
_d8933
008 210305b ||||| |||| 00| 0 eng d
040 _aBMS College of Architecture
100 _aN, Karishma
245 _aHelp center for women Bangalore
300 _aNA
500 _a1BM08AT015
502 _8B.Arch
_NBMS College of Architecture, Visvesvaraya Technological University (VTU)
_aProject report
_d2013
650 _aWomen
700 _aVaseem A S
_eGuide
700 _aSathish S Rao
_eGuide
942 _2ddc
_cTHE